Mění cíle Lisabonské strategie přístup k redistribučním procesům české sociální politiky?

Význam implementácie cieľov Lisabonskej stratégie do českej sociálnej politiky stále rastie. Makroekonomické podmienky Českej republiky. Sociálna kvóta. Sociálne výdavky. Modernizácia českého sociálneho štátu. Ciele lisabonskej stratégie - vyššia zamestnanosť, podpora podnikania, vzdelávanie, výskum...

ver descrição completa

Na minha lista:
Detalhes bibliográficos
Autor principal: Wildmannová, Mirka
Formato: Capítulo de Livro
Idioma:tcheco
Assuntos:
Tags: Adicionar Tag
Sem tags, seja o primeiro a adicionar uma tag!

MARC

LEADER 00000naa$a2200000$$$4500
001 0061539
005 20231116102400.4
041 0 |a cze 
044 |a SK 
245 1 0 |a Mění cíle Lisabonské strategie přístup k redistribučním procesům české sociální politiky?  |c Mirka Wildmannová 
520 |a Význam implementácie cieľov Lisabonskej stratégie do českej sociálnej politiky stále rastie. Makroekonomické podmienky Českej republiky. Sociálna kvóta. Sociálne výdavky. Modernizácia českého sociálneho štátu. Ciele lisabonskej stratégie - vyššia zamestnanosť, podpora podnikania, vzdelávanie, výskum a vývoj, životné prostredie. Zapojenie ČR do Lisabonskej stratégie. 
610 2 0 |a politika sociálna 
610 2 0 |a výdavky na potreby sociálne 
610 2 0 |a nezamestnanosť 
610 2 0 |a vzdelávanie 
610 2 0 |a výskum 
610 2 0 |a vývoj 
610 2 0 |a prostredie životné 
610 2 0 |a Česko 
100 1 |a Wildmannová, Mirka